Microprocessors & Interfacing (Record no. 4709)

MARC details
000 -LEADER
fixed length control field 00413nam a22001697a 4500
005 - DATE AND TIME OF LATEST TRANSACTION
control field 20180131121825.0
008 - FIXED-LENGTH DATA ELEMENTS--GENERAL INFORMATION
fixed length control field 160629b xxu||||| |||| 00| 0 eng d
020 ## - INTERNATIONAL STANDARD BOOK NUMBER
ISBN 81-89757-27-X
041 ## - LANGUAGE CODE
Language code of text/sound track or separate title eng
082 ## - DEWEY DECIMAL CLASSIFICATION NUMBER
Item number 12392
Classification number 004.16
100 ## - MAIN ENTRY--AUTHOR NAME
Personal name Marriwala, Nikhil
245 ## - TITLE STATEMENT
Title Microprocessors & Interfacing
260 ## - PUBLICATION, DISTRIBUTION, ETC. (IMPRINT)
Name of publisher Katson
Year of publication 2011
300 ## - PHYSICAL DESCRIPTION
Number of Pages 838
650 ## - SUBJECT ADDED ENTRY--TOPICAL TERM
Topical Term Information Technology
942 ## - ADDED ENTRY ELEMENTS (KOHA)
Koha item type Books
Holdings
Lost status Damaged status Home library Current library Shelving location Date acquired Cost, normal purchase price Full call number Accession Number Koha item type Collection code Source of acquisition
    JRU Library   Shelf - 26- I 29/06/2016 410.00 12392 12392 Books    
    JRU Library   Shelf - 26- N 29/06/2016 410.00 12392 12393 Books    
    JRU Library JRU Library SHELF-48-H 29/06/2016 410.00 004.16 12394 Books CS/IT PURCHASE
    JRU Library JRU Library SHELF-48-I 29/06/2016 410.00 004.16 12395 Books CS/IT PURCHASE
    JRU Library JRU Library SHELF - 15 - J 29/06/2016 410.00 12392 12396 Books AGRICULTURE  
    JRU Library   Shelf - 26- N 29/06/2016 410.00 12392 12397 Books    
    JRU Library   Shelf - 26- H 29/06/2016 410.00 12392 12398 Books    
    JRU Library   Shelf - 26- H 29/06/2016 410.00 12392 12399 Books    
    JRU Library   Shelf - 26- K 29/06/2016 410.00 12392 12400 Books    
    JRU Library   Shelf - 26- K 29/06/2016 410.00 12392 12401 Books    
    JRU Library   Shelf - 27- N 29/06/2016 410.00 12392 12402 Books    
    JRU Library JRU Library SHELF-74-H 29/06/2016 410.00 12392 12403 Books CS/IT  
    JRU Library   Shelf - 26- H 29/06/2016 410.00 12392 12404 Books